| 000 | 01319nac a22003491u 4500 | ||
|---|---|---|---|
| 003 | EG-ScBUE | ||
| 005 | 20220727123853.0 | ||
| 008 | 100922t1993 nyu f 001 0 eng d | ||
| 020 | _a0816021791 | ||
| 040 |
_aEG-ScBUE _beng _erda _cEG-ScBUE _dEG-ScBUE |
||
| 082 | 0 | 4 |
_a823.8092703 _bDIC _222 |
| 245 | 0 | 0 |
_aDictionary of British literary characters : _b18th- and 19th-century novels / _cedited by John R. Greenfield ; associate editor, David Brailow, with the assistance of Arlyn Bruccoli. |
| 264 | 1 |
_aNew York : _bFacts on File, _c[1993] |
|
| 264 | 4 | _cc1993 | |
| 300 |
_a655 pages ; _c29 cm |
||
| 336 |
_2rdacontent _atext _btxt |
||
| 337 |
_2rdamedia _aunmediated _bn |
||
| 338 |
_2rdacarrier _avolume _bnc |
||
| 500 | _a"A Bruccoli Clark Layman book." | ||
| 500 | _aIncludes index. | ||
| 500 | _aDistributer: Al-Ahram | ||
| 650 | 7 |
_aEnglish fiction _y19th century _vDictionaries. _2BUEsh _919756 |
|
| 650 | 7 |
_aEnglish fiction _y18th century _vDictionaries. _2BUEsh _919757 |
|
| 650 | 7 |
_aCharacters and characteristics in literature _vDictionaries. _2BUEsh _919758 |
|
| 651 | _2BUEsh | ||
| 653 | _bHHUUEENN | ||
| 655 |
_vReading book _934232 |
||
| 700 | 1 |
_aGreenfield, John R., _eeditor. _919759 |
|
| 700 | 1 |
_aBrailow, David, _eeditor. _919760 |
|
| 700 | 1 |
_aBruccoli, Arlyn, _eeditor. _919761 |
|
| 942 |
_cREFERENCE _2ddc |
||
| 999 |
_c9387 _d9387 |
||